00000000cas 2200000zi 4500
0019.961899
003CaOODSP
00520260515065338
006m     o  d f      
007cr cn ||||||||
008260414c20189999oncar p o    f0   b0fre|d
022 |a3111-0886
040 |aCaOODSP|bfre|erda|cCaOODSP
043 |an-cn---
0861 |aCi1-79F-PDF
1101 |aCanada. |bImmigration, réfugiés et citoyenneté Canada, |eauteur, |eorganisme de publication.
222 0|aÉtat des résultats prospectif consolidé pour l’année se terminant le ... |b(Canada. Immigration, réfugiés et citoyenneté Canada)
24510|aImmigration, réfugiés et citoyenneté Canada, État des résultats prospectif consolidé (non audité) pour l'exercice se terminant le ...
24630|aÉtat des résultats prospectif consolidé (non audité) pour l'exercice se terminant le ...
24613|aÉtat des résultats prospectif consolidé (non audité) pour l'exercice terminé le ...
264 1|a[Ottawa] : |bImmigration, réfugiés et citoyenneté Canada, |c[2017]-
310 |aAnnuel
336 |atexte|btxt|2rdacontent/fre
337 |ainformatique|bc|2rdamedia/fre
338 |aressource en ligne|bcr|2rdacarrier/fre
3621 |aParaît depuis : 31 mars 2018.
500 |aPublié aussi en anglais sous le titre : Immigration, Refugees and Citizenship Canada consolidated future-oriented statement of operations (unaudited) for the year ending ...
500 |aCertaines livraisons sont disponibles seulement en format HTML.
588 |aDescription d'après : 31 mars 2018; titre de l'en-tête de la version HTML.
588 |aDernière livraison consultée : 31 mars 2027.
61016|aCanada. |bImmigration, réfugiés et citoyenneté Canada|xCrédits budgétaires et dépenses|vPériodiques.
650 6|aFinances publiques|zCanada|xPrévision|vPériodiques.
655 7|aPériodiques|2rvmgf
77508|tImmigration, Refugees and Citizenship Canada consolidated future-oriented statement of operations (unaudited) for the year ending ...|w(CaOODSP)9.961900